00666 2200241 4500001002100000005001700021008004100038035002400079082001400103090002100117100001800138245004700156260003600203300003400239500001100273650003900284650003900323850001500362980001300377985000600390986001300396999001500409YOGYA-0209000001668320090227022656.0 ind  0010-020900000016683 a572.70950 a572.70950bLas P aLASKER, Bruno aPeoples of Southeast Asiacby Bruno Lasker aNew YorkbAlfred A. Knopfc1945 aviii, 288, x hlmbilusc22 cm aIndeks aIlmu bangsa-bangsa - Asia Tenggara aAsia Tenggara - Ilmu bangsa-bangsa aYOPDYOG(B) a11-11-05 a1 afwhrtrev ab000055884